Normal view
MARC view
Entry Personal Name
001 - CONTROL NUMBER
- control field: 49242
003 - CONTROL NUMBER IDENTIFIER
- control field: dpl
005 - DATE AND TIME OF LATEST TRANSACTION
- control field: 20120618115937.0
008 - FIXED-LENGTH DATA ELEMENTS
- fixed length control field: 120618|||a|||||| | ||| d
040 ## - CATALOGING SOURCE
- Original cataloging agency: dpl
- Transcribing agency: dpl
100 ## - HEADING--PERSONAL NAME
- Personal name: Menaria, Rajendra
670 ## - SOURCE DATA FOUND
- Source citation: Work cat.: (dpl): Menaria, Rajendra, Environmental conservation and planning /, 1989
670 ## - SOURCE DATA FOUND
- Source citation: Work cat.: (dpl): Menaria, Rajendra, Environmental conservation and planning /, 1989
